000 00918nas a2200301 4500
001 BR2011004155
003 BR-BrBNA
005 20231205115454.0
007 ta
008 230509b bl.|||p| |||| 00| 00por d
040 _aBR-BrBNA
_bpor
_cBiblioteca Nacional de Agricultura
072 _aP34
100 1 _aAndrade, E.M. de
100 1 _aAquino, D.N.
100 1 _aCrisostomo, L.A
100 1 _aRodrigues, J.O.
100 1 _aChaves, L.C.G.
245 1 _aSimilaridade da composição hidroquímica das águas freáticas do perímetro irrigado do Baixo Acaraú, Ceará, Brasil
650 _aBIOQUÍMICA
650 _aÁGUA
650 _aSANILIZAÇÃO
650 _aQUALIDADE DA ÁGUA
650 _aACARAÚ
650 _aCEARÁ
773 0 _tRevista Agroambiente (Brazil)
_xISSN 1982-8470
_g(2010), v. 1(4) p. 11-19
_wBR2011004155
909 _a202311
_bLúcia
_c55
_dLúcia Elande
942 _2AGRIS
_n0
_cANA
999 _c213989
_d213989